ბათუმის შოთა რუსთაველის სახელმწიფო უნივერსიტეტის ბიბლიოთეკა

განზრახ მკვლელობისა და სიცოცხლის მოსპობის სხვა შემადგენლობათა კვალიფიკაცია / (ბიბ.ჩანაწერი № 49390)

000 -ლიდერი
ფიქსირებული სიგრძის საკონტროლო ველი 01253nam a2200265Ia 4500
001 - საკონტროლო ნომერი
საკონტროლო ველი 16310
003 - საკონტროლო ნომრის იდენტიფიკატორი
საკონტროლო ველი GE_BSU
005 - ბოლო ოპერაციის თარიღი და დრო
საკონტროლო ველი 20230201104221.0
008 - ფიქსირებული სიგრძის მონაცემთა ელემენტები - ზოგადი ინფორმაცია
ფიქსირებული სიგრძის საკონტროლო ველი 181216s2008||||ge |||||||||||||| ||geo||
020 ## - წიგნის საერთაშორისო სტანდარტული ნომერი
International Standard Book Number 9789941008009
040 ## - კატალოგიზაციის წყარო
Transcribing agency GE_BSU
041 ## - ენის კოდი
Language code of text/sound track or separate title geo
080 ## - უნივერსალური ათობითი კლასიფიკაციის ინდექსი
Universal Decimal Classification number 343.611 კ-44
100 ## - მთავარი ჩანაწერი - პიროვნების სახელი
Personal name კვარაცხელია, რამაზ
9 (RLIN) 16817
245 ## - ცნობა სათაურის შესახებ
Title განზრახ მკვლელობისა და სიცოცხლის მოსპობის სხვა შემადგენლობათა კვალიფიკაცია /
Statement of responsibility, etc რამაზ კვარაცხელია; [რედ. ოთარ გამყრელიძე].
264 ## - წარმოების, გამოცემის, დისტრიბუციის და სხვა ცნობები
გამოცემის, წარმოების, დისტრიბუციის... ადგილი თბილისი :
გამოცემის, წარმოების, დისტრიბუციის... სახელწოდება ბონა კაუზა,
გამოცემის, წარმოების, დისტრიბუციის... თარიღი 2008.
300 ## - ფიზიკური აღწერა
Extent 90 გვ. ;
Other physical details 20 სმ.
300 ## - ფიზიკური აღწერა
Other physical details ბიბლიოგრ. ტექსტ. შენიშვნ. და გვ. 87-88.
490 ## - სერიის ცნობა
Series statement იურისტის ბიბლიოთეკა
504 ## - BIBLIOGRAPHY, ETC. NOTE
Bibliography, etc ბიბლიოგრ. ტექსტ. შენიშვნ. და გვ. 87-88.
653 ## - INDEX TERM--UNCONTROLLED
Uncontrolled term განზრახ მკვლელობები;
653 ## - INDEX TERM--UNCONTROLLED
Uncontrolled term სამართალი
942 ## - ADDED ENTRY ELEMENTS (KOHA)
Koha item type წიგნი
Source of classification or shelving scheme
ეგზემპლარები
ჩამოწერის სტატუსი დაკარგული ეგზემპლარის სტატუსი კლასიფიკაციის წყარო ან თაროზე გაწყობის სქემა დაზიანების სტატუსი არ გაიცემა მუდმივი მდებარეობა (დაცვის ადგილი) ამჟამინდელი ადგილსამყოფელი თაროზე განთავსების ადგილი შეძენის თარიღი ღირებულება, შესყიდვის ნორმალური ფასი სრული შენახვის შიფრი შტრიხკოდი ბოლო ოპერაციის თარიღი ეგზემპლარის მიმდევრობითი ნომერი (კეტერი?) ფასის ძალაში შესვლის თარიღი ეგზემპლარის სახეობა საჯარო შენიშვნა
          ბათუმის შოთა რუსთაველის სახელმწიფო უნივერსიტეტის მთავარი ბიბლიოთეკა ბათუმის შოთა რუსთაველის სახელმწიფო უნივერსიტეტის მთავარი ბიბლიოთეკა წიგნსაცავი 2018-12-17 10.00 343.611 კ-44 40671 2018-12-17 40671 2018-12-17 წიგნი 10 ლ.
          ბათუმის შოთა რუსთაველის სახელმწიფო უნივერსიტეტის მთავარი ბიბლიოთეკა ბათუმის შოთა რუსთაველის სახელმწიფო უნივერსიტეტის მთავარი ბიბლიოთეკა წიგნსაცავი 2023-02-01 5.00 343.611 კ-44 63635 2023-02-01 63635 2023-02-01 წიგნი 5 ლ.